In The Heights - 96000 Lyrics (Part 1) Quiz Stats

 Plays Quiz not verified by Sporcle

Challenge
Share
Tweet
Embed
Score 0/272 Timer 10:00
0 Plays Today
% Correct
Ninety-Six
98.7%
the
97.7%
a
97.7%
and
97.7%
the
97.7%
a
97.7%
and
97.7%
the
97.7%
and
97.7%
the
97.7%
the
97.7%
the
97.7%
the
97.7%
a
97.7%
and
97.7%
and
97.7%
and
97.7%
the
97.7%
a
97.7%
the
97.7%
and
97.7%
a
97.7%
a
97.7%
the
97.7%
and
97.7%
the
97.7%
a
97.7%
Ninety-Six Thousand!
97.3%
Ninety-Six Thousand!
97.3%
Ninety-Six Thousand!
97.3%
Ninety-Six Thousand!
97.3%
If
97.3%
if
97.3%
If
97.3%
Ninety-six thousand!
97.3%
Ninety-six thousand!
97.3%
Ninety-six thousand!
97.3%
Ninety-six thousand!
97.3%
won?
97.1%
won
97.1%
Yo
96.4%
Yo
96.4%
Yo-yo-yo-yo
96.4%
Yo
96.4%
Yo!
96.4%
lotto
96%
to
96%
to
96%
to
96%
no
95.1%
no
95.1%
No
95.1%
no
95.1%
no
95.1%
go
95%
I
94.8%
I
94.8%
I
94.8%
I
94.8%
I
94.8%
I
94.8%
I
94.8%
I
94.8%
on
94.6%
on
94.6%
on
94.6%
me!
93.9%
you
93.9%
you
93.9%
you
93.9%
you
93.9%
me
93.9%
me
93.9%
would
93.2%
wouldn't
92.3%
know
92.1%
know
92.1%
ya
92.1%
my
91.9%
My
91.9%
your
91.9%
your
91.9%
my
91.9%
Damn!
91.7%
damn
91.7%
pay
91.5%
with
91.5%
be
91.5%
mo'
91.5%
with
91.5%
spree
91.4%
% Correct
Ma
91.2%
fee!
90.8%
spendin'
90.6%
tomorrow
90.3%
goin'
90.3%
you're
90.3%
goin'
90.3%
you're
90.3%
you're
90.3%
you're
90.3%
an
90.3%
goin'
90.3%
we
90.3%
business
90.1%
stay
90.1%
business
90.1%
than
90.1%
stay
90.1%
than
90.1%
in
89.9%
Trump
89.7%
school
89.5%
you'll
89.5%
I'll
89.5%
daddy!
89.5%
I'll
89.5%
You'll
89.5%
I'll
89.5%
Nina's
89.2%
Donald
89.2%
Dollars?
88.8%
lucky
88.8%
caddy!
88.8%
he's
88.6%
Somebody
88.5%
Holler!
88.3%
friends
88.3%
man
88.3%
richer
88.3%
of
88.3%
of
88.3%
of
88.3%
of
88.3%
entrance
87.6%
like
87.6%
like
87.6%
I'm
87.4%
I'm
87.4%
for
87.4%
For
87.4%
for
87.4%
For
87.4%
well
87.2%
it
87.2%
we'll
87.2%
it
87.2%
maybe
86.8%
Mr.
86.3%
Mr.
86.3%
pick
86.1%
Ooh
86.1%
Oh
85.9%
ring
85.8%
Frodo!
85.2%
Frodo
85.2%
enough
84.9%
enough
84.9%
ain't
84%
retire
84%
brass
83.4%
As
83.4%
win
83.4%
real
83.2%
real
83.2%
real
83.2%
money
83.1%
bother
82.9%
never
82.9%
G's
82.5%
it's
82.2%
its
82.2%
diga!
82.2%
it's
82.2%
it's
82.2%
up
81.4%
up!
81.4%
though
81.4%
though
81.4%
from
80.9%
from
80.9%
lying
80.7%
% Correct
****!
80.7%
want
80.5%
pants
80.2%
Shire
79.8%
makin'
79.5%
got
79.1%
pull
79.1%
slow
78.7%
links
78.6%
regrets
78.2%
Keep
78%
get
78%
Here
77.8%
home
77.8%
here
77.8%
money's
77.7%
goes
77.7%
life
77.7%
Next
77.5%
imagine
77.5%
thing
77.5%
more
77.3%
that
77.3%
have
77.3%
have
77.3%
taxes!
77.1%
Then
76.9%
is
76.8%
how
76.6%
down
75.9%
highway
75.9%
after
75.7%
book
75.5%
jack
75.3%
out
75.1%
phone
75%
bling
74.8%
Tokyo!
74.6%
not
74.1%
Shut
73.3%
feel
73%
ass
72.8%
answer?
72.6%
paycheck
72.4%
scared
72.3%
off
72.3%
Pinocchio
72.1%
bull
72.1%
break
72.1%
hot
71.9%
hoes
71.7%
full
71.7%
po'
71.4%
rodeo
71.4%
take
71.4%
take
71.4%
gonna
71.4%
heavy
70.5%
ready
69.7%
check
69.7%
respect
69.5%
neck
69.2%
party
69.2%
ticket!
69%
or
68.8%
sorry
68.5%
better
68.1%
Ay
68.1%
throw
67.9%
already
67.7%
axis!
67.7%
block
67.7%
knock
67.6%
biggest
67.4%
breakin'
66.8%
stop
66.1%
rapping
66.1%
Alabanza!
65.4%
knapsack
64.7%
everybody
63.6%
sweaty
62.7%
can
62.3%
easy...
61.6%
weekend
59.5%
Braggadocio
59.3%
dough!
59.1%
where
57.8%
wheel
55.7%
Come
54.1%
breathe
53.7%

You're not logged in!

Compare scores with friends on all Sporcle quizzes.
Join for Free
OR
Log In

You Might Also Like...

Show Comments

Extras

Top Quizzes Today


Score Distribution

Your Account Isn't Verified!

In order to create a playlist on Sporcle, you need to verify the email address you used during registration. Go to your Sporcle Settings to finish the process.

Report this User

Report this user for behavior that violates our Community Guidelines.

Details: